Geografía por Letra - U - Estadísticas

Estadísticas generales
  • Esta prueba ha sido intentada 6.591 veces
  • La puntuación promedio es 12 de 18
Estadísticas de respuestas
Pista Respuesta % Correcto
País africano Uganda
98%
País en Sudamérica Uruguay
97%
Uno de los países que termina en "stan" Uzbekistán
97%
Opuesto a "rural" Urbano
96%
Reino Unido en inglés United Kingdom
94%
Iniciales de la Unión Soviética URSS
89%
Estado de los EE.UU. con 4 letras Utah
89%
Instrumento de cuerda de Hawai Ukelele
83%
País que toca el Mar Negro Ucrania
78%
Capital de Mongolia Ulán Bator
77%
Montañas que separan Europa y Asia Urales
74%
Idioma nacional del Pakistán Urdu
43%
La cuarta ciudad más grande de los Países Bajos Utrecht
39%
Animal en el escudo de armas de Escocia Unicornio
35%
Región de Italia central Umbría
27%
Región que comprende la parte septentrional de Irlanda Úlster
21%
Ayers Rock con otro nombre Uluru
20%
Ciudad más grande del noroeste de China Urumchi
11%
No se encontraron pruebas coincidentes
Distribución de puntuación
Porcentaje de gente con cada puntuación
Porcentaje por número respondido
Historial de tus puntuaciones
No has intentado esta prueba.